<?xml version="1.0" encoding="UTF-8"?>
<record
    xmlns:xsi="http://www.w3.org/2001/XMLSchema-instance"
    xsi:schemaLocation="http://www.loc.gov/MARC21/slim http://www.loc.gov/standards/marcxml/schema/MARC21slim.xsd"
    xmlns="http://www.loc.gov/MARC21/slim">

  <leader>00440nam a2200193   4500</leader>
  <controlfield tag="001">31556</controlfield>
  <controlfield tag="005">20220405165528.0</controlfield>
  <datafield tag="090" ind1=" " ind2=" ">
    <subfield code="a">31556</subfield>
  </datafield>
  <datafield tag="100" ind1=" " ind2=" ">
    <subfield code="a">20120126d        c   0pory5003    ba</subfield>
  </datafield>
  <datafield tag="101" ind1=" " ind2=" ">
    <subfield code="a">por</subfield>
  </datafield>
  <datafield tag="102" ind1=" " ind2=" ">
    <subfield code="a">PT</subfield>
  </datafield>
  <datafield tag="105" ind1=" " ind2=" ">
    <subfield code="a">a   zz  000fy</subfield>
  </datafield>
  <datafield tag="930" ind1=" " ind2=" ">
    <subfield code="l">BECRE</subfield>
  </datafield>
  <datafield tag="675" ind1=" " ind2=" ">
    <subfield code="a">087.5 </subfield>
    <subfield code="v">BNL</subfield>
    <subfield code="z">por</subfield>
  </datafield>
  <datafield tag="200" ind1="1" ind2=" ">
    <subfield code="a">&lt;O &gt;Flautista de Hamelin</subfield>
  </datafield>
  <datafield tag="210" ind1=" " ind2=" ">
    <subfield code="a">Amadora</subfield>
    <subfield code="c">Francisco M&#xE1;s Lda.</subfield>
    <subfield code="d">s.d.</subfield>
  </datafield>
  <datafield tag="215" ind1=" " ind2=" ">
    <subfield code="a">[6] p.</subfield>
    <subfield code="d">17 cm</subfield>
  </datafield>
  <datafield tag="225" ind1="2" ind2=" ">
    <subfield code="a">Sol</subfield>
    <subfield code="v">4</subfield>
  </datafield>
  <datafield tag="990" ind1=" " ind2=" ">
    <subfield code="c">LIVROS</subfield>
  </datafield>
  <datafield tag="995" ind1=" " ind2=" ">
    <subfield code="0">0</subfield>
    <subfield code="1">0</subfield>
    <subfield code="9">43864</subfield>
    <subfield code="b">EBSIS</subfield>
    <subfield code="d">EBSIS</subfield>
    <subfield code="f">1628EB1EV</subfield>
    <subfield code="k">087.5 SOL</subfield>
    <subfield code="o">0</subfield>
    <subfield code="r">LIVROS</subfield>
    <subfield code="a">EBSIS</subfield>
    <subfield code="c">EBSIS</subfield>
    <subfield code="q">18</subfield>
  </datafield>
</record>
